Policy impact of the eastern partnership on Ukraine trade, energy, and visa dialogue

Bibliographic Details
Main Authors: Duleba, Alexander, 1966- (Author), Benč, Vladimír (Author), Bilčík, Vladimír, 1975- (Author)
Format: Book
Language:English
PhysicalDescription:92 s. 21 cm
Published: Bratislava Research center of the Slovak foreign policy association 2012
ISBN:9788089645008
Edition:[1st ed.]
Subjects:

MARC

LEADER 00000cam a2200000 a 4500
001 vtls010492897
003 SK-MaSNL
005 20260301214505.0
008 240314s2012 xo e 000 0 eng
015 |a SNBA2013/05 
020 |a 9788089645008  |q (brož.) 
035 |a DD0FDFC0-604A-4CAC-A726-C44A2970A089 
035 |a urn:nbn:sk:snk-aml2tw 
035 |a urn:nbn:sk:snk-am008llh 
040 |a SNK  |b slo  |c SNK  |e AACR2 
041 0 |a eng 
043 |a e-un---  |a e------ 
044 |a xo  |c SK 
072 7 |a 327  |x Medzinárodné vzťahy, svetová politika  |2 konspekt 
080 |a 316.4.063.34  |2 2001 
080 |a 001.81/.87  |2 2001 
080 |a 339  |2 2001 
080 |a 620.9  |2 2001 
080 |a 351.756  |2 2001 
080 |a (477)  |2 2001 
080 |a (4)  |2 2001 
080 |a 321.015  |2 2001 
080 |a 327  |2 2001 
080 |a (048.8)  |2 2001 
100 1 |a Duleba, Alexander,  |d 1966-  |4 aut  |9 109162 
245 1 0 |a Policy impact of the eastern partnership on Ukraine  |b trade, energy, and visa dialogue  |c Alexander Duleba, Vladimír Benč, Vladimír Biločík 
250 |a [1st ed.] 
260 |a Bratislava  |b Research center of the Slovak foreign policy association  |c 2012 
300 |a 92 s.  |c 21 cm 
504 |a Bibliogr. s. 87-92. Bibliogr. odkazy. Pozn. 
610 2 7 |a Európska únia  |2 SNKKA  |9 29861 
650 0 7 |a medzinárodná spolupráca  |2 SNKPH  |9 4911 
650 0 7 |a International cooperation  |2 SNKPHeng  |9 267173 
650 0 7 |a Research projects  |2 SNKPHeng  |9 313364 
650 0 7 |a Trade  |2 SNKPHeng  |9 266765 
650 0 7 |a Energy  |2 SNKPHeng  |9 268068 
650 0 7 |a Visa policy  |2 SNKPHeng  |9 370785 
650 0 7 |a výskumné projekty  |2 SNKPH  |9 51987 
650 0 7 |a obchod  |2 SNKPH  |9 2198 
650 0 7 |a energia  |2 SNKPH  |9 15416 
650 0 7 |a vízová politika  |2 SNKPH  |9 73807 
650 0 7 |a princíp partnerstva  |2 SNKPH  |9 602959 
650 0 7 |a Partnership principle  |2 SNKPHeng  |9 602960 
650 0 7 |a zahraničná politika  |2 SNKPH  |9 971 
650 0 7 |a Foreign policy  |2 SNKPHeng  |9 266402 
651 7 |a Ukraine  |2 SNKPHeng  |9 266376 
651 7 |a Ukrajina  |2 SNKPH  |9 168045 
655 7 |a štúdie  |2 SNKPH  |9 57033 
655 7 |a Studies  |2 SNKPHeng  |9 265573 
700 1 |a Benč, Vladimír  |4 aut  |9 329587 
700 1 |a Bilčík, Vladimír,  |d 1975-  |4 aut  |9 197939 
852 |a Štátna vedecká knižnica v Banskej Bystrici 
919 |a 978-80-89645-00-8 
958 |a NB 
999 |c 924963  |d 926893 
952 |a SNK  |b SNK  |y PREZ  |7 0  |p 17A1066632  |o snkSC 153838  |i snk2013/7564  |8 0  |0 0  |1 0  |4 0  |d 2013-04-03  |f 1  |l 0  |r 2025-07-24 00:00:00  |w 2026-02-24 
952 |a SNK  |b SNK  |y VYP  |7 0  |p 17A1066631  |o snkSC 153838 D1  |i snk2013/7565  |8 0  |0 0  |1 0  |4 0  |d 2013-04-03  |l 0  |r 2026-02-24 08:29:17  |w 2026-02-24